| 000 | 01319nam0a2200349 4500 | ||
|---|---|---|---|
| 001 | RU\NLR\BIBL_A\022553143 | ||
| 005 | 20250610104811.0 | ||
| 010 |
_a978-5-91255-402-5 _9500 |
||
| 021 |
_aRU _bКН-П-25-020133 _9КН-П-25-2037 |
||
| 035 | _a(NLR Aleph) 022553143 | ||
| 090 |
_a13431917 _c13431917 |
||
| 100 | _a20250529d2024 c y0rusy50 ca | ||
| 101 | 0 | _arus | |
| 102 | _aRU | ||
| 105 | _aa|||z|||000ay | ||
| 181 | 0 |
_ai2 _baxxe |
|
| 181 | 0 |
_ab2 _bbb2e |
|
| 182 | 0 | _an | |
| 200 | 1 |
_aМедвежий сон _eсказка _eдля детей младшего и среднего школьного возраста _fАндрей Крючков _g[художник: И. Чечева] |
|
| 203 |
_aТекст _aИзображение _bвизуальные _cнепосредственные |
||
| 210 |
_aРязань _cРязанская областная типография _d2024 |
||
| 215 |
_a63 с. _cцв. ил. _d23 |
||
| 686 | 0 | _aШ9(2)60=Р7-2 | |
| 686 | 0 | _aШ9(2)62=Р7-2 | |
| 700 | 1 |
_aКрючков _bА. П. _gАндрей Петрович |
|
| 702 | 1 |
_aЧечева _bИ. Б. _gИрина Б _4040 |
|
| 942 | _cBOOK | ||
| 980 | _aNB | ||